Southville International School and Colleges
Your cart is empty.
  • Cart
  • Lists
    Public lists Eva Luna New books Lux_list list_1
    Your lists Log in to create your own lists
  • Log in to your account
  • Your cookies
  • Search history
Southville International School and Colleges
  • Advanced search
  • Recent comments
  • Most popular
  • Libraries

Log in to your account

Log in with GOOGLE


If you do not have an external account, but do have a local account, you can still log in:

  1. Home
  2. MARC view: The cry of the Icemark /
Normal view MARC view ISBD view

The cry of the Icemark / (Record no. 34594)

[ view plain ]
MARC details
000 -LEADER
fixed length control field 01106cam a22003374a 4500
001 - CONTROL NUMBER
control field 14059689
003 - CONTROL NUMBER IDENTIFIER
control field OSt
005 - DATE AND TIME OF LATEST TRANSACTION
control field 20140310184452.0
008 - FIXED-LENGTH DATA ELEMENTS--GENERAL INFORMATION
fixed length control field 050801s2005 nyu d 000 1 eng d
010 ## - LIBRARY OF CONGRESS CONTROL NUMBER
LC control number 2005280119
020 ## - INTERNATIONAL STANDARD BOOK NUMBER
International Standard Book Number 0439686261
024 31 - OTHER STANDARD IDENTIFIER
Standard number or code 9780439686266
Additional codes following the standard number or code 51895
035 ## - SYSTEM CONTROL NUMBER
System control number (OCoLC)ocm60644102
040 ## - CATALOGING SOURCE
Original cataloging agency UPZ
Transcribing agency UPZ
Modifying agency BAKER
-- DLC
042 ## - AUTHENTICATION CODE
Authentication code lcac
-- lccopycat
050 00 - LIBRARY OF CONGRESS CALL NUMBER
Classification number PZ 7
Item number .H55738 2005
100 1# - MAIN ENTRY--PERSONAL NAME
Personal name Hill, Stuart.
9 (RLIN) 28054
245 14 - TITLE STATEMENT
Title The cry of the Icemark /
Statement of responsibility, etc Stuart Hill.
250 ## - EDITION STATEMENT
Edition statement 1st American ed.
260 ## - PUBLICATION, DISTRIBUTION, ETC. (IMPRINT)
Place of publication, distribution, etc New York :
Name of publisher, distributor, etc Scholastic,
Date of publication, distribution, etc 2005.
300 ## - PHYSICAL DESCRIPTION
Extent 472 p. ;
Dimensions 24 cm.
500 ## - GENERAL NOTE
General note Simultaneously published in the United Kingdom: Somerset : Chicken House, 2005.
521 ## - TARGET AUDIENCE NOTE
Target audience note
526 ## - STUDY PROGRAM INFORMATION NOTE
Reading level 1140
650 #1 - SUBJECT ADDED ENTRY--TOPICAL TERM
Topical term or geographic name as entry element Fantasy.
9 (RLIN) 3293
856 42 - ELECTRONIC LOCATION AND ACCESS
Materials specified Publisher description
Uniform Resource Identifier <a href="http://www.loc.gov/catdir/enhancements/fy1116/2005280119-d.html">http://www.loc.gov/catdir/enhancements/fy1116/2005280119-d.html</a>
906 ## - LOCAL DATA ELEMENT F, LDF (RLIN)
a 7
b cbc
c copycat
d 2
e ncip
f 20
g y-gencatlg
942 ## - ADDED ENTRY ELEMENTS (KOHA)
Source of classification or shelving scheme Library of Congress Classification
Koha item type
Holdings
Withdrawn status Lost status Source of classification or shelving scheme Damaged status Home library Current library Shelving location Date acquired Total Checkouts Full call number Barcode Date last seen Copy number Price effective from Koha item type
    Library of Congress Classification   Luxembourg Library Luxembourg Library Scholastic Reading Center Section 10/11/2013   PZ 7 .H55738 2005 LEX0420 04/18/2017 1 10/11/2013 Books

The cry of the Icemark /

APA

Hill S., . (2005). The cry of the Icemark. New York: Scholastic.

Chicago

Hill Stuart, . 2005. The cry of the Icemark. New York: Scholastic.

Harvard

Hill S., . (2005). The cry of the Icemark. New York: Scholastic.

MLA

Hill Stuart, . The cry of the Icemark. New York: Scholastic. 2005.

  • Place hold
  • Print
  • Cite
  • Add to your cart (remove)
  • Save record
    BIBTEX Dublin Core MARCXML MARC (non-Unicode/MARC-8) MARC (Unicode/UTF-8) MARC (Unicode/UTF-8, Standard) MODS (XML) RIS
  • More searches
    Search for this title in:
    Other Libraries (WorldCat) Other Databases (Google Scholar) Online Stores (Bookfinder.com) Open Library (openlibrary.org)

Exporting to Dublin Core...

SOUTHVILLE LIBRARY

Southville International School and Colleges Library

1281 Tropical Ave. Cor. Luxembourg St., BF Homes International, Las Pinas City

Tel. No. 8256374 / 252358 Loc. 117/146

Powered by Koha